Fast Typing A-Z (Double Tap) - Statistics

General Stats
  • This quiz has been taken 700 times
  • The average score is 30 of 52
Answer Stats
Letter % Correct
A
100%
A
84%
B
78%
B
76%
C
75%
C
74%
D
72%
D
72%
E
71%
E
71%
F
70%
F
70%
G
69%
G
69%
H
67%
H
67%
I
65%
I
65%
J
63%
J
62%
K
62%
K
62%
L
61%
L
60%
M
60%
M
60%
N
60%
N
59%
O
58%
O
57%
P
56%
P
56%
Q
53%
Q
52%
R
51%
R
50%
S
48%
S
47%
T
46%
T
44%
U
42%
U
42%
V
39%
V
39%
W
37%
W
36%
X
34%
X
33%
Y
30%
Y
30%
Z
28%
Z
27%
No matching quizzes found
Score Distribution
Percent of People with Each Score
Percentile by Number Answered
Your Score History
You have not taken this quiz